000
003140000a22001450004500
003
MACL
040
_a
MACL
090
_c
32961
_d
32959
100
_a
Dodeja, manish
245
_a
Ventura Publisher Test
260
_b
BP B Publications
_c
1993
350
_a
45
650
_a
Computer science
942
_c
BOOK
_k
004/Dod
999
_c
32624
_d
32624